Normal view MARC view
  • BACON, FRANCIS,

Entry Nombre Personal

Number of records used in: 2

001 - NUMERO DE CONTROL

  • campo de control: 2266

003 - IDENTIFICADOR DE NUMERO DE CONTROL

  • campo de control: UPN

005 - FECHA Y HORA DE LA ÜLTIMA TRANSACCIÓN

  • campo de control: 20210219193620.0

008 - DATOS DE LONGITUD FIJA

  • campo de control de longitud fija: nabaccnnaabn|||||||||| b |nc|||||d

035 ## - NUMERO DE CONTROL

  • Número de control: UPN10000002266

040 ## - FUENTE DE CATALOGACIÓN

  • Lenguaje de catalogación: SPA
  • Agencia de transcripción: UPN

053 #4 - NÚMERO DE CLASIFICACIÓN LC

  • Número de clasificación elemento-número único o número inicial de tramo: B1198

100 1# - ENCABEZAMIENTO - NOMBRE PERSONAL

  • Nombre personal: BACON, FRANCIS,
  • Títulos u otras palabras asociadas al nombre: BARON DE VERULAM, VIZCONDE DE ST. ALBANS,
  • Fechas asociadas con el nombre: 1561-1626 -
  • Subdivisión temática general : CRITICA E INTERPRETACION

670 ## - FUENTE EN LA QUE SE LOCALIZARON DATOS

  • Cita de la fuente: T
  • Información localizada: Salvat universal

670 ## - FUENTE EN LA QUE SE LOCALIZARON DATOS

  • Cita de la fuente: E
  • Información localizada: Shakespeare, William, 1564-1616 - Crítica e interpretación

902 ## - CATALOGADOR

  • Catalogador: CAA/270106